000 00797cam a22001935a 4500
001 L141156
008 071031s1868 xxk eng u
035 _a(Sirsi) u141156
041 0 _aeng
100 1 _aTuckett, Philip D.
245 0 0 _aNorthfleet, Kent
_bparticulars and conditions of sale of the very important and extensive waterside property known as The Orme House Portland Cement Works...which will be sold by auction by Mr. Philip D. Tuckett at the New Auction Mart, Tokenhouse Yard, London E.C. on Tuesday the 12th day of May 1868...
260 _aS.l.
_bs.n.
_c[1868]
300 _a4 p.
_col. plan
_c44 cm.
340 _aPrinted
351 _cSingle item
651 4 _aKent
690 _aPROPERTY-PROPERTY ACQUISITION AND DISPOSAL-ACQUISITION AND DISPOSAL AT AUCTION
942 _n0
999 _c116628
_d116628